Rome and the Barbarians, 100 B.C.-A.D. 400 / (Record no. 110)

000 -LEADER
fixed length control field 01924cam a2200409 a 4500
001 - CONTROL NUMBER
control field 12945770
003 - CONTROL NUMBER IDENTIFIER
control field OSt
005 - DATE AND TIME OF LATEST TRANSACTION
control field 20210416052939.0
008 - FIXED-LENGTH DATA ELEMENTS--GENERAL INFORMATION
fixed length control field 020926s2003 mduab 000 0 eng
010 ## - LIBRARY OF CONGRESS CONTROL NUMBER
LC control number 2002015858
020 ## - INTERNATIONAL STANDARD BOOK NUMBER
International Standard Book Number 0801873061 (alk. paper)
040 ## - CATALOGING SOURCE
Original cataloging agency DLC
Transcribing agency DLC
Modifying agency DLC
042 ## - AUTHENTICATION CODE
Authentication code pcc
043 ## - GEOGRAPHIC AREA CODE
Geographic area code e------
-- ff-----
-- aw-----
050 00 - LIBRARY OF CONGRESS CALL NUMBER
Classification number DG254.2
Item number .B87 2003
080 ## - UNIVERSAL DECIMAL CLASSIFICATION NUMBER
Universal Decimal Classification number 94
Item number B-96
082 00 - DEWEY DECIMAL CLASSIFICATION NUMBER
Classification number 303.48/2360397/09015
Edition number 21
100 1# - MAIN ENTRY--PERSONAL NAME
Personal name Burns, Thomas S.
Fuller form of name (Thomas Samuel),
Dates associated with a name 1945-
245 10 - TITLE STATEMENT
Title Rome and the Barbarians, 100 B.C.-A.D. 400 /
Statement of responsibility, etc. Thomas S. Burns.
260 ## - PUBLICATION, DISTRIBUTION, ETC.
Place of publication, distribution, etc. Baltimore :
Name of publisher, distributor, etc. Johns Hopkins University Press,
Date of publication, distribution, etc. 2003.
300 ## - PHYSICAL DESCRIPTION
Extent xiv, 461 p. :
Other physical details ill., maps ;
Dimensions 23 cm.
365 ## - TRADE PRICE
Price amount 49.95 usd
440 #0 - SERIES STATEMENT/ADDED ENTRY--TITLE
Title Ancient society and history
504 ## - BIBLIOGRAPHY, ETC. NOTE
Bibliography, etc. note Includes bibliographical references (p. 431-452) and index.
505 0# - FORMATTED CONTENTS NOTE
Formatted contents note Sometimes bitter friends -- Recognition, confrontation, and co-existence -- Through Caesar's eyes -- The early empire and the Barbarians -- Perspectives from Pannonia -- The Barbarians and the "crisis" of the empire -- Barbarians and the late Roman Empire -- Epilogue -- Appendix: Most important Roman emperors and usurpers.
650 #0 - SUBJECT ADDED ENTRY--TOPICAL TERM
Topical term or geographic name entry element Roman provinces
General subdivision Administration.
650 #0 - SUBJECT ADDED ENTRY--TOPICAL TERM
Topical term or geographic name entry element Acculturation
Geographic subdivision Rome.
651 #0 - SUBJECT ADDED ENTRY--GEOGRAPHIC NAME
Geographic name Rome
General subdivision History
Chronological subdivision Republic, 265-30 B.C.
651 #0 - SUBJECT ADDED ENTRY--GEOGRAPHIC NAME
Geographic name Rome
General subdivision History
Chronological subdivision Empire, 30 B.C.-476 A.D.
700 ## - ADDED ENTRY--PERSONAL NAME
9 (RLIN) 42
Personal name Burns, S. Thomas
856 42 - ELECTRONIC LOCATION AND ACCESS
Materials specified Contributor biographical information
Uniform Resource Identifier <a href="http://www.loc.gov/catdir/bios/jhu051/2002015858.html">http://www.loc.gov/catdir/bios/jhu051/2002015858.html</a>
856 41 - ELECTRONIC LOCATION AND ACCESS
Materials specified Table of contents
Uniform Resource Identifier <a href="http://www.loc.gov/catdir/toc/jhu051/2002015858.html">http://www.loc.gov/catdir/toc/jhu051/2002015858.html</a>
856 42 - ELECTRONIC LOCATION AND ACCESS
Materials specified Publisher description
Uniform Resource Identifier <a href="http://www.loc.gov/catdir/description/jhu051/2002015858.html">http://www.loc.gov/catdir/description/jhu051/2002015858.html</a>
906 ## - LOCAL DATA ELEMENT F, LDF (RLIN)
a 7
b cbc
c orignew
d 1
e ecip
f 20
g y-gencatlg
942 ## - ADDED ENTRY ELEMENTS (KOHA)
Source of classification or shelving scheme
Koha item type Books
Holdings
Withdrawn status Lost status Source of classification or shelving scheme Damaged status Not for loan Permanent location Current location Date acquired Inventory number Total Checkouts Full call number Barcode Date last seen Date last checked out Price effective from Koha item type
          Ken Walker International University Ken Walker International University 11/11/2020 301 1 94 B-96 301 04/10/2023 04/06/2023 11/11/2020 Books

Powered by Koha